Marque de vêtements - Statistiques

Statistiques générales
  • Ce quiz a été pris 883 fois
  • Le résultat moyen est 9 sur 44
Statistiques - réponses
Réponse % Correct
nike
94%
adidas
90%
Zara
63%
puma
56%
Gucci
52%
H&M
50%
Louis Vuitton
47%
Lacoste
44%
Dior
37%
bershka
35%
Levi's
29%
Ralph lauren
28%
the north face
25%
balenciaga
21%
Hermès
18%
Prada
18%
Tommy Hilfiger
18%
asics
17%
Stradivarius
17%
Calvin klein
16%
Reebok
16%
carharrt
15%
Versace
14%
umbro
12%
Celio
10%
Le coq sportif
10%
Jack & Jones
9%
Fendi
8%
timberland
8%
under armor
8%
Hollister
7%
stussy
7%
Desigual
5%
Teddy smith
5%
corteiz
4%
Kaporal
4%
K-way
4%
GAP
3%
Kenzo
3%
Quiksilver
3%
DC shoes
2%
Roxy
2%
billabong
1%
Volcom
1%
Aucun quiz correspondant
Distribution des résultats
% des personnes avec chaque résultat
Percentile par nombre de réponses
Votre historique - résultats
Vous n’avez pas pris ce quiz